| 000 | 00363nam a22001337a 4500 | ||
|---|---|---|---|
| 082 |
_a620.028 _bWAT _cL-tech, P-112 |
||
| 100 |
_aWatts _940661 |
||
| 245 | _aWatts surveying & engineering equipments | ||
| 260 |
_aLondon _bHilger & watts ltd. _c1948 |
||
| 300 |
_a88 p. _bill. |
||
| 526 |
_a0 _b0 _c0 _d620_028000000000000_WAT |
||
| 650 |
_aMCE _9379 |
||
| 942 |
_2ddc _cBK |
||
| 999 |
_c544914 _d544914 |
||